Analýza možností uplatňovania rozpočtu nákladov vo vnútropodnikovom riadení diplomová práca

Gespeichert in:
Bibliographische Detailangaben
1. Verfasser: Tonkovičová, Nikola
Körperschaft: Fakulta podnikového manažmentu EU. Katedra podnikovohospodárska
Weitere Verfasser: Šagátová, Slavka, 1975-
Format: Buch
Sprache:Slowakisch
Veröffentlicht: Bratislava 2017
Tags: Tag hinzufügen
Keine Tags, Fügen Sie das erste Tag hinzu!

MARC

LEADER 00000nbm a2200000 4500
001 0232294
005 20171030111438.9
041 0 |a slo 
044 |a SK 
245 1 0 |a Analýza možností uplatňovania rozpočtu nákladov vo vnútropodnikovom riadení  |b diplomová práca  |c Nikola Tonkovičová ; školiteľ: Slavka Šagátová 
264 1 |a Bratislava  |c 2017 
300 |a 75 s. 
100 1 |a Tonkovičová, Nikola 
700 1 |a Šagátová, Slavka, 1975- 
710 2 |a Fakulta podnikového manažmentu EU. Katedra podnikovohospodárska